000 01004nam a22002537a 4500
005 20240626112710.0
008 240626b ||||| |||| 00| 0 eng d
020 _a9780415818544 (hardback)
020 _a9780415741149 (pbk.)
020 _a9781315797366 (e-book)
040 _aCO-BoUCM
_cDavid Moreno
_dDavid Moreno
041 _aeng
245 1 0 _aTheories of international relations
_cedited by Siegfried Schieder and Manuela Spindler ; translated by Alex Skinner
246 _aTheorien der internationalen beziehungen
260 _aNew York
_bRoutledge
_c2014
300 _ax, 344 Paginas
504 _aIncluye referencias bibliográficas e índices
650 1 4 _aRelaciones internacionales
_xAspectos políticos
_xPolítica mundial
_9181581
700 1 _aSchieder, Siegfried
_eeditor
_9181582
700 1 _aSpindler, Manuela
_eeditor
_9181583
700 1 _aSkinner, Alex
_etraductor
_9181584
942 _2DEWEY
_a6
_cLIBRO
_e1
_h327.101
_mT396i
_n0
999 _c324418
_d324418